000 00720nam a2200253Ia 4500
003 OSt
005 20220923213632.0
006 a|||||r|||| 00| 0
007 ta
008 220922b |||||||| |||| 00| 0 hin d
024 _a163,703
037 _cTextual
040 _aARTS
_cARTS
_bhin
041 _2hin
_ahin
082 _aO152,1M89,11, K6
100 _aजयशंकर प्रसाद
245 0 _aकानन कुसुम
246 _aKānan kusuma
250 _aसंस्क0 7
260 _c1966
650 _aहिन्दी साहित्य
_9156264
942 _hO152,1M89,11, K6
_cTEXL
_2CC
999 _c318183
_d318183